Morze sprzyja odwaznym

Bibliographic Details
Main Author: Adamowicz, Czesław (Author)
Format: Book
Language:Polish
PhysicalDescription:327, [1] s. 8°
Published: Gdańsk Wydaw. Morskie 1971

MARC

LEADER 00000nam a2200000 a 4500
001 vtls001058067
003 SK-MaSNL
005 20260301232539.0
008 240314s1971 pl 0 pol
035 |a SNK000000878 
040 |a SNK  |b slo  |c SNK  |e AACR2 
041 0 |a pol 
044 |a PL 
100 1 |a Adamowicz, Czesław  |4 aut  |9 626388 
245 1 0 |a Morze sprzyja odwaznym  |c Czesław Adamowicz 
260 |a Gdańsk  |b Wydaw. Morskie  |c 1971 
300 |a 327, [1] s.  |c 8° 
958 |a RK 
958 |a OND 
999 |c 961721  |d 963651 
952 |t P60, <04>, [BOOK], {604}  |a SNK  |b SNK  |y VYP  |7 0  |o snkID 72228  |i snkV 2728/79  |0 0  |1 0  |4 0  |d 1995-03-21  |l 0  |r 2004-12-31 00:00:00  |w 2026-02-24